[Event "World Amateur-ch U2000"]
[Site "Cagliari"]
[Date "2018.04.26"]
[Round "6"]
[White "Salerni, Guido"]
[Black "Scarpa, Claudia"]
[Result "1/2-1/2"]
[WhiteElo "1680"]
[BlackElo "1743"]
[PlyCount "95"]
[EventDate "2018.04.22"]
[EventType "swiss"]
[EventRounds "9"]
[EventCountry "ITA"]
[SourceTitle "CBM 184 Extra"]
[Source "ChessBase"]
[SourceDate "2018.06.28"]
[SourceVersion "1"]
[SourceVersionDate "2018.06.28"]
[SourceQuality "1"]

1. Nf3 d5 2. g3 Nc6 3. d4 Nf6 4. Bg2 Bf5 5. a3 Qd7 6. 0-0 h6 7. Nbd2 Bh3 8. Re1 g5 9. Ne5 Nxe5 10. dxe5 Bxg2 11. Kxg2 Ng4 12. Nf3 Bg7 13. Qd4 Qe6 14. Qa4+ Kf8 15. Qb4 b6 16. Nd4 Qxe5 17. Nc6 Qe6 18. Nd4 Qe4+ 19. Nf3 Qxb4 20. axb4 f5 21. h4 Bf6 22. hxg5 hxg5 23. c3 c6 24. Bd2 e5 25. Rh1 Rxh1 26. Rxh1 f4 27. Nxg5 Kg7 28. gxf4 exf4 29. Bxf4 a5 30. bxa5 Rxa5 31. Rd1 Rb5 32. Rd2 Kg6 33. Nf3 Rb3 34. Kg3 Kf5 35. Bc7 Nh6 36. Bd8 Bg7 37. Bg5 Nf7 38. Be3 Nd6 39. Kg2 Nc4 40. Rc2 Nxb2 41. Bd4 Bh6 42. Nd2 Bxd2 43. Rxd2 b5 44. Rc2 Na4 45. f3 c5 46. Bg7 Kg6 47. Be5 Kf5 48. Bg7 1/2-1/2

[Event "World Amateur-ch U2000"]
[Site "Cagliari"]
[Date "2018.04.25"]
[Round "5"]
[White "Mallo, Danilo"]
[Black "Salerni, Guido"]
[Result "1-0"]
[WhiteElo "1858"]
[BlackElo "1680"]
[PlyCount "129"]
[EventDate "2018.04.22"]
[EventType "swiss"]
[EventRounds "9"]
[EventCountry "ITA"]
[SourceTitle "CBM 184 Extra"]
[Source "ChessBase"]
[SourceDate "2018.06.28"]
[SourceVersion "1"]
[SourceVersionDate "2018.06.28"]
[SourceQuality "1"]

1. d4 f5 2. g3 Nf6 3. Bg2 g6 4. Nf3 Bg7 5. 0-0 0-0 6. c3 d6 7. Ng5 c6 8. Qb3+ d5 9. Bf4 h6 10. Nf3 g5 11. Be5 Nbd7 12. Nbd2 Nxe5 13. Nxe5 Kh7 14. f3 Nd7 15. f4 Nf6 16. fxg5 hxg5 17. Ndf3 Ne4 18. Qc2 Bd7 19. Rad1 Be8 20. Qc1 e6 21. Nd3 Bh5 22. Qc2 Bxf3 23. exf3 Nd6 24. Rfe1 Re8 25. Re2 Qf6 26. Rde1 Re7 27. Ne5 Rc8 28. Qa4 b5 29. Qa6 Rec7 30. Bf1 Bf8 31. b4 Rb8 32. Re3 Bh6 33. Bd3 Kg7 34. g4 Rbc8 35. Kg2 Kg8 36. a4 bxa4 37. Qxa4 Bg7 38. Qa6 Bf8 39. R3e2 Nb5 40. Nd7 Qf7 41. Bxb5 Qxd7 42. Bd3 fxg4 43. Rxe6 gxf3+ 44. Kxf3 Qf7+ 45. Kg2 g4 46. Rg6+ Bg7 47. Rxg4 Qd7 48. h3 Re8 49. Qa1 Rxe1 50. Qxe1 Qe7 51. Qg3 Qd8 52. Rg5 Rf7 53. Bf5 Qe7 54. Qg4 Rf6 55. h4 Kf8 56. Bg6 Qe6 57. Bf5 Qe7 58. h5 Rd6 59. Bg6 Qe6 60. Rf5+ Bf6 61. Kf2 Rd7 62. Qf4 Kg7 63. Qg4 Qe4 64. Rf4 Qc2+ 65. Bxc2+ 1-0

[Event "Arco op-A 39th"]
[Site "Arco"]
[Date "2017.10.14"]
[Round "8"]
[White "Spagnuolo, Deborah"]
[Black "Salerni, Guido"]
[Result "1/2-1/2"]
[WhiteElo "1655"]
[BlackElo "1712"]
[PlyCount "30"]
[EventDate "2017.10.07"]
[EventType "swiss"]
[EventRounds "9"]
[EventCountry "ITA"]
[SourceTitle "CBM 181 Extra"]
[Source "ChessBase"]
[SourceDate "2017.12.12"]
[SourceVersion "1"]
[SourceVersionDate "2017.12.12"]
[SourceQuality "1"]

1. e4 e5 2. Nf3 Nc6 3. Bc4 Nf6 4. Nc3 h6 5. 0-0 d6 6. h3 g6 7. d4 exd4 8. Nxd4 Nxd4 9. Qxd4 Bg7 10. f4 0-0 11. Bd2 Qe7 12. Rae1 a6 13. Qd3 Qd8 14. Bc1 Nd7 15. Qg3 Nc5 1/2-1/2

[Event "Arco op-A 39th"]
[Site "Arco"]
[Date "2017.10.09"]
[Round "3"]
[White "Salerni, Guido"]
[Black "Kern, Beat"]
[Result "1/2-1/2"]
[WhiteElo "1712"]
[BlackElo "1579"]
[PlyCount "53"]
[EventDate "2017.10.07"]
[EventType "swiss"]
[EventRounds "9"]
[EventCountry "ITA"]
[SourceTitle "CBM 181 Extra"]
[Source "ChessBase"]
[SourceDate "2017.12.12"]
[SourceVersion "1"]
[SourceVersionDate "2017.12.12"]
[SourceQuality "1"]

1. Nf3 Nf6 2. c4 e6 3. Nc3 d5 4. cxd5 exd5 5. d4 Be7 6. g3 0-0 7. Bg2 c6 8. 0-0 Bg4 9. h3 Bf5 10. Bf4 Nbd7 11. Rc1 Re8 12. Re1 Nf8 13. Ne5 Ng6 14. Nxg6 Bxg6 15. a3 Bd6 16. Qd2 Nh5 17. Bxd6 Qxd6 18. b4 a6 19. Qb2 Nf6 20. a4 Ne4 21. b5 Qf6 22. Nxe4 Bxe4 23. bxc6 bxc6 24. Rc5 Rab8 25. Qc3 Rbc8 26. Qd2 Bf5 27. Rec1 1/2-1/2

[Event "Arco op 37th"]
[Site "Arco"]
[Date "2015.10.15"]
[Round "6"]
[White "Antoniacci, Ricardo"]
[Black "Salerni, Guido"]
[Result "1-0"]
[WhiteElo "1847"]
[BlackElo "1726"]
[PlyCount "136"]
[EventDate "2015.10.10"]
[EventType "swiss"]
[EventRounds "9"]
[EventCountry "ITA"]
[SourceTitle "CBM 168 Extra"]
[Source "ChessBase"]
[SourceDate "2015.10.29"]
[SourceVersion "1"]
[SourceVersionDate "2015.10.29"]
[SourceQuality "1"]

1. e4 e5 2. f4 Bc5 3. Nf3 d6 4. c3 Nc6 5. Bb5 Qe7 6. Qe2 Bd7 7. d3 Nf6 8. Be3 Bxe3 9. Qxe3 0-0 10. f5 Nb4 11. cxb4 Bxb5 12. Nc3 Bd7 13. Qg5 c6 14. a4 d5 15. 0-0 Qxb4 16. Nxe5 Qd4+ 17. Kh1 Qxe5 18. Rf3 h6 19. Qh4 Nh7 20. Rg3 Qf6 21. Qh5 d4 22. Ne2 Rae8 23. Rf1 Kh8 24. h4 Qe5 25. Qf3 Nf6 26. Nf4 Rg8 27. Rh3 Bxf5 28. exf5 Qxf5 29. Qf2 c5 30. h5 Qe5 31. Qf3 Qd6 32. Qxb7 Re7 33. Qf3 Re3 34. Qd1 Rxh3+ 35. Nxh3 Re8 36. Nf4 Re3 37. Qb3 Kg8 38. Qb7 Qd7 39. Qa8+ Kh7 40. a5 Re5 41. a6 Nxh5 42. Qb7 Nf6 43. Kg1 Re7 44. Qb3 Qc6 45. Qc4 Qb6 46. Rc1 Rc7 47. b4 Qd6 48. g3 Qe5 49. bxc5 g5 50. Ng2 Kg7 51. Re1 Qxc5 52. Qxc5 Rxc5 53. Re7 Ra5 54. Rxa7 Nd5 55. Rd7 Nc3 56. Kf2 Rxa6 57. Rxd4 Kf6 58. Ne3 Ke6 59. g4 Ra2+ 60. Kf3 Rd2 61. Nf5 Nb5 62. Re4+ Kf6 63. Ke3 Rh2 64. Rb4 Rh3+ 65. Ke4 Nc3+ 66. Kd4 Ne2+ 67. Kc5 Nf4 68. Nd6 Nxd3+ 1-0

[Event "Arco op 37th"]
[Site "Arco"]
[Date "2015.10.10"]
[Round "1"]
[White "Salerni, Guido"]
[Black "Scheftlein, Richard"]
[Result "0-1"]
[WhiteElo "1726"]
[BlackElo "2081"]
[PlyCount "82"]
[EventDate "2015.10.10"]
[EventType "swiss"]
[EventRounds "9"]
[EventCountry "ITA"]
[SourceTitle "CBM 168 Extra"]
[Source "ChessBase"]
[SourceDate "2015.10.29"]
[SourceVersion "1"]
[SourceVersionDate "2015.10.29"]
[SourceQuality "1"]

1. Nf3 d5 2. g3 c6 3. Bg2 Bg4 4. 0-0 Nd7 5. d3 Ngf6 6. Nbd2 e5 7. b3 Bd6 8. Bb2 0-0 9. Re1 Re8 10. e4 d4 11. h3 Bh5 12. Nf1 Bb4 13. Re2 a5 14. a3 Bf8 15. g4 Bg6 16. Ng3 a4 17. Nh4 Nxe4 18. Nxg6 Nxg3 19. fxg3 hxg6 20. bxa4 Nc5 21. Qe1 Nxa4 22. Qc1 Ra5 23. Rb1 Rb5 24. Ba1 Bxa3 25. Qf1 Rxb1 26. Qxb1 Nb6 27. Be4 Bc5 28. Qb3 Qd6 29. Rf2 Qe6 30. Qb1 Ra8 31. Qd1 Nd5 32. Bb2 Ne3 33. Qb1 Qa2 34. Qc1 Ba3 35. Bxa3 Qxa3 36. Qxa3 Rxa3 37. Rd2 Rc3 38. Kf2 f5 39. Bf3 Rxc2 40. Rxc2 Nxc2 41. Be2 Kf7 0-1

[Event "Cesenatico op 9th"]
[Site "Cesenatico"]
[Date "2004.09.09"]
[Round "6"]
[White "Salerni, Guido"]
[Black "Rossi, Giampiero"]
[Result "1/2-1/2"]
[WhiteElo "1691"]
[BlackElo "2012"]
[PlyCount "129"]
[EventDate "2004.09.04"]
[EventType "swiss"]
[EventRounds "9"]
[EventCountry "ITA"]
[SourceTitle "EXT 2007"]
[Source "ChessBase"]
[SourceDate "2006.11.23"]
[SourceVersion "1"]
[SourceVersionDate "2006.11.23"]
[SourceQuality "1"]

1. e4 c5 2. d3 e6 3. g3 Nc6 4. Bg2 d6 5. Nf3 Nf6 6. 0-0 Be7 7. Re1 0-0 8. Nbd2 Qc7 9. c3 Rd8 10. Nf1 Bd7 11. Bg5 h6 12. Bd2 Rac8 13. d4 cxd4 14. Nxd4 Nxd4 15. cxd4 Bc6 16. Rc1 Qd7 17. Bf4 d5 18. e5 Nh7 19. h4 Bb5 20. Nh2 Rxc1 21. Bxc1 Bb4 22. Bd2 Bxd2 23. Qxd2 Rc8 24. Rc1 Rxc1+ 25. Qxc1 Qc6 26. Qxc6 Bxc6 27. f4 Kf8 28. Ng4 Ke7 29. Kf2 Nf8 30. Ke3 Kd7 31. Kd2 Kc7 32. Kc3 Ng6 33. Ne3 Ne7 34. Bh3 h5 35. f5 Bd7 36. Bg2 g6 37. f6 Nc6 38. Bf3 Kd8 39. Ng2 Ke8 40. Nf4 Kf8 41. Nh3 b6 42. Ng5 Nd8 43. g4 hxg4 44. Bxg4 Bb5 45. Kb4 Be8 46. Be2 Nc6+ 47. Kc3 Nd8 48. h5 gxh5 49. Bxh5 Nc6 50. Be2 Nd8 51. Nf3 Bd7 52. Nd2 Nc6 53. Nb1 a5 54. a3 Ke8 55. b4 axb4+ 56. axb4 Na7 57. Na3 Kf8 58. Kd2 Ke8 59. Ke3 Kf8 60. Kf4 Ke8 61. Bd3 Nc6 62. Nc2 Na7 63. Na3 Nc6 64. Nc2 Na7 65. Na3 1/2-1/2

[Event "Cesenatico op 9th"]
[Site "Cesenatico"]
[Date "2004.09.07"]
[Round "4"]
[White "Novotny, Michal1111"]
[Black "Salerni, Guido"]
[Result "1-0"]
[WhiteElo "2030"]
[BlackElo "1691"]
[PlyCount "115"]
[EventDate "2004.09.04"]
[EventType "swiss"]
[EventRounds "9"]
[EventCountry "ITA"]
[SourceTitle "EXT 2007"]
[Source "ChessBase"]
[SourceDate "2006.11.23"]
[SourceVersion "1"]
[SourceVersionDate "2006.11.23"]
[SourceQuality "1"]

1. e4 d6 2. d4 Nf6 3. Bd3 g6 4. Nf3 Bg7 5. Nc3 0-0 6. h3 Nc6 7. a3 Nd7 8. Be3 a6 9. Qd2 b5 10. Ne2 Bb7 11. Ng3 e5 12. d5 Ne7 13. Bg5 f6 14. Bh6 Nc5 15. b4 Nxd3+ 16. cxd3 f5 17. Bxg7 Kxg7 18. Ng5 Bc8 19. h4 f4 20. Ne2 h6 21. Nf3 c6 22. dxc6 Nxc6 23. Qc3 Bd7 24. d4 Rc8 25. Qb2 Qf6 26. Rd1 Bg4 27. dxe5 dxe5 28. Nc3 Bxf3 29. Nd5 Qf7 30. gxf3 Rfd8 31. Rg1 Kh7 32. Rg4 Nd4 33. Rxd4 exd4 34. Qxd4 Rf8 35. Rxf4 Qg7 36. Nf6+ Kh8 37. Kf1 Rc6 38. e5 Rc4 39. Qe3 Rxf4 40. Qxf4 Rxf6 41. exf6 Qf8 42. Kg2 Kg8 43. Qe5 Qf7 44. Qd6 Qb7 45. Qe6+ Kf8 46. Kg3 g5 47. hxg5 hxg5 48. Qe7+ Qxe7 49. fxe7+ Kxe7 50. Kg4 Kf6 51. f4 gxf4 52. Kxf4 Ke6 53. Ke4 Kd6 54. Kd4 Kc6 55. Ke5 Kc7 56. Ke6 Kc6 57. f4 Kc7 58. f5 1-0